| 000 | 00930cab a2200325 4500 | ||
|---|---|---|---|
| 001 | WB3114-12 | ||
| 008 | 090401t1995 xxu||||| |||| 00| 0 eng d | ||
| 035 | _a(Sirsi) u46111 | ||
| 041 | _aeng | ||
| 245 | _aGerman banks | ||
| 260 | _c1995 | ||
| 350 | _a0 | ||
| 490 |
_aSunday Telegraph _v2 April 1995, B5(1) |
||
| 520 | _aExamines the demand of German banks for London office space, which will help to improve the property market. | ||
| 650 | _aBANKING SECTOR | ||
| 650 | _aCANARY WHARF | ||
| 650 | _aCITY OF LONDON | ||
| 650 | _aDEUTSCHE BANK | ||
| 650 | _aFOREIGN INVESTMENT | ||
| 650 | _aGERMAN BANKS | ||
| 650 | _aGERMANY | ||
| 650 | _aINVESTMENT BANKS | ||
| 650 | _aLONDON | ||
| 650 | _aPROPERTY-COMMERCIAL PROPERTY-OFFICE PROPERTY-OFFICE PROPERTY MARKET | ||
| 650 | _aOFFICE SPACE | ||
| 650 | _aSUPPLY AND DEMAND | ||
| 690 | _aPROPERTY-COMMERCIAL PROPERTY | ||
| 942 | _n0 | ||
| 948 | _c04/03/1997 | ||
| 999 |
_c29176 _d29176 |
||